00790pam a2200253 a 4500999001500000001000900015003000600024005001700030008004100047010001300088020002800101035001500129040002000144050002300164082001700187100003600204245010300240260005400343300002000397504005500417650002200472650003000494942001200524 c4906d490628890890OCoLC20181217185420.0930901s1994 ilu b 000 0 eng  a93032390 a0830817719 (alk. paper) a.b10650441 aDLCcDLCdOCoLC00aBV652.2b.I34 1994 a253.7bIC15B1 aIcenogle, Gareth Weldon,d1949-10aBiblical foundations for small group ministry :ban integrative approach /cGareth Weldon Icenogle aDowners Grove, Ill. :bInterVarsity Press,cc1994 a396 p. ;c23 cm aIncludes bibliographical references (p. [375]-396) 0aChurch group work 0aSmall groups in the Bible 2ddccBK